|
|
|
|
| LEADER |
01527nam a2200385 i 4500 |
| 001 |
EBC2097320 |
| 003 |
MiAaPQ |
| 005 |
20200127082844.0 |
| 006 |
m o d | |
| 007 |
cr cnu|||||||| |
| 008 |
200127s2014 xx o 000 0 ita d |
| 020 |
|
|
|z 9788875242633
|
| 020 |
|
|
|a 9788892157293
|q (electronic bk.)
|
| 035 |
|
|
|a (MiAaPQ)EBC2097320
|
| 035 |
|
|
|a (Au-PeEL)EBL2097320
|
| 035 |
|
|
|a (OCoLC)914433493
|
| 040 |
|
|
|a MiAaPQ
|b eng
|e rda
|e pn
|c MiAaPQ
|d MiAaPQ
|
| 050 |
|
4 |
|a BF637.B85
|b .R477 2014
|
| 082 |
0 |
|
|a 302.343
|2 23
|
| 245 |
0 |
3 |
|a La responsabilita giuridica per atti di bullismo /
|c prefazione di Anna Maria Baldelli.
|
| 264 |
|
1 |
|a Torino :
|b G. Giappichelli Editore,
|c [2014]
|
| 264 |
|
4 |
|c 2014
|
| 300 |
|
|
|a 1 online resource (vii, 205 pages).
|
| 336 |
|
|
|a text
|b txt
|2 rdacontent
|
| 337 |
|
|
|a computer
|b c
|2 rdamedia
|
| 338 |
|
|
|a online resource
|b cr
|2 rdacarrier
|
| 490 |
0 |
|
|a Focus
|
| 588 |
|
|
|a Description based on print version record.
|
| 590 |
|
|
|a Electronic reproduction. Ann Arbor, MI : ProQuest, 2018. Available via World Wide Web. Access may be limited to ProQuest affiliated libraries.
|
| 650 |
|
0 |
|a Bullying.
|
| 655 |
|
4 |
|a Electronic books.
|
| 700 |
1 |
|
|a Baldelli, Anna Maria,
|e writer of foreword.
|
| 776 |
0 |
8 |
|i Print version:
|t Responsabilita giuridica per atti di bullismo.
|d Torino : G. Giappichelli Editore, c2014
|h vii, 205 pages
|k Focus
|z 9788875242633
|
| 797 |
2 |
|
|a ProQuest (Firm)
|
| 856 |
4 |
0 |
|u https://ebookcentral.proquest.com/lib/matrademy/detail.action?docID=2097320
|z Click to View
|